| 000 | 01222nam a2200229Ia 4500 | ||
|---|---|---|---|
| 001 | 18022 | ||
| 003 | GE_BSU | ||
| 008 | 181216s||||||||xx |||||||||||||| ||und|| | ||
| 040 | _cGE_BSU | ||
| 080 | _a81'1 | ||
| 245 | _aთანამედროვე ზოგადი და მათემატიკური ენათმეცნიერების საკითხები. წ. 2. | ||
| 245 | _bსტატიების კრებული. ეძღვნება ენათმეცნიერთა 10 საერთაშორისო კონგრესს | ||
| 245 | _cრედ. თ. შარაძენიძე | ||
| 250 | _aენათმეცნიერების ინ-ტი | ||
| 260 | _aთბილისი | ||
| 260 | _bმეცნიერება | ||
| 260 | _c1967 | ||
| 300 | _a196 გვ. 26სმ. | ||
| 653 | _aზოგადი ენათმეცნიერება; მათემატიკური ლინგვისტიკა | ||
| 653 | _aთანამედროვე ზოგადი და მათემატიკური ენათმეცნიერების საკითხები | ||
| 942 | _cBK | ||
| 999 |
_c51065 _d51065 |
||